000 01183nam a2200253 a 4500
001 74062
003 BD-RjUL
005 20211209082503.0
008 180208s2016 bg ||||| |||| 000 0 ben d
020 _a9789847762371
_cTk. 480.00
035 _a(BD-RjUL)74280
040 _aBD-RjUL
_beng
_cBD-RjUL
041 _aben
082 _223
_a954.0252
_b BAB 2016
100 _aবাবর, জহির উদ-দিন মুহম্মদ জালাল উদ-দিন
_9124564
245 1 0 _aবাবরনামা /
_cজহির উদ-দিন মুহম্মদ জালাল উদ-দিন বাবর ; অনুবাদ , মুহম্মদ জালালউদ্দীন বিশ্বাস
260 _aঢাকা :
_bঐতিহ্য ,
_c২০১৬
300 _a২৫৩ পৃ. ;
_c২২ সেমি.
600 _aসম্রাট বাবর
_zহিন্দুস্থান
_y১৪৮৩-১৫৩০
_9220125
600 _aBabur
_xEmperor of
_zHindustan
_y1483-1530
_9220126
650 _aBāburnāmah
_9220106
700 _aবিশ্বাস, মুহম্মদ জালালউদ্দীন
_9220107
942 _2ddc
_cBK
999 _c74062
_d74062